Podobnosť sekvencií pohľadu

Na minha lista:
Detalhes bibliográficos
Autor principal: Oškera, Lukáš (Author)
Outros Autores: Móro, Róbert (Thesis advisor)
Formato: Manuscrito Livro
Idioma:eslovaco
Publicado em: 2020
Assuntos:
Acesso em linha:http://is.stuba.sk/zp/portal_zp.pl?podrobnosti=142107
Tags: Adicionar Tag
Sem tags, seja o primeiro a adicionar uma tag!

MARC

LEADER 00000ntm a22000003a 4500
001 stuzp80602
003 SK-STU
005 20200620211934.9
007 ta
008 150427s2015----xo-----f-mn---000-0-slo-d
040 |a STU  |b slo 
041 0 |a slo 
100 1 |a Oškera, Lukáš  |u 070200  |4 aut  |U FIIT Fakulta informatiky a informačných technológií  |T FIIT Ústav informatiky, informačných systémov a softvérového inžinierstva  |X 92112  |U I200  |Y 179  |7 92112 
242 0 1 |a Similarity of Scanpaths  |y eng 
245 1 0 |a Podobnosť sekvencií pohľadu 
260 |c 2020 
650 4 |a Podobnosť pohľadu  |2 slo 
650 4 |a Typológia osobnosti  |2 slo 
650 4 |a Sekvencie pohľadu  |2 slo 
650 4 |a Gaze similarity  |2 eng 
650 4 |a Gaze sequences  |2 eng 
650 4 |a Typology of personality  |2 eng 
700 1 |a Móro, Róbert  |u 070200  |k Z1  |4 ths  |U FIIT Fakulta informatiky a informačných technológií  |T FIIT Ústav informatiky, informačných systémov a softvérového inžinierstva  |X 47879  |U I200  |Y 179  |7 47879 
856 4 |u http://is.stuba.sk/zp/portal_zp.pl?podrobnosti=142107